LEADER 01690nam a2200289 i 4500 001 000000005193 003 CaOOAMICUS 005 20210129133033.0 008 180830s2016 gw u000 u und u 020 $a978-3-402-11267-0 040 $aSeMil$bita 100 1 $aDurand, Guillaume,$c.$0(OLS)http://semarc/name/15036 245 10$aRationale divinorum officiorum /$cWilhelm Durandus ; Übersetzung und Verzeichnisse von Herbert Douteil ; mit einer Einführung herausgegeben und bearbeitet von Rudolf Suntrup. 260 $aMünster :$bAschendorff,$c2016. 300 $a3 v. (xlviii, 1681 p. compless.) :$bfacs. ;$c24 cm. 650 4$aChiesa cattolica - Liturgia.$0(OLS)http://semarc/subject/2762 650 4$aDurand, Guillaume . Rationale divinorum officiorum.$0(OLS)http://semarc/subject/44646 700 1 $aDouteil, Herbert .$0(OLS)http://semarc/name/89435 700 1 $aSuntrup, Rudolf <1948- >.$0(OLS)http://semarc/name/89436 774 0 $tTeilband 1.$dMünster : Aschendorff, 2016.$kLiturgiewissenschaftliche Quellen und Forschungen$g1$w()252809 774 0 $tTeilband 2.$dMünster : Aschendorff, 2016.$kLiturgiewissenschaftliche Quellen und Forschungen$g2$w()252810 774 0 $tTeilband 3.$dMünster : Aschendorff, 2016.$kLiturgiewissenschaftliche Quellen und Forschungen$g3$w()252811 830 0$aLiturgiewissenschaftliche Quellen und Forschungen.$0(OLS)http://semarc/title/188 996 $6020$a978-3-402-11267-0$9(OLS)http://semarc/number/269692 996 $6245$aRationale divinorum officiorum$9(OLS)http://semarc/title/400750 996 $6260$aMünster :$bAschendorff$9(OLS)http://semarc/publisher/29674 LEADER 01217nam a2200277 i 4500 001 000000110023 003 CaOOAMICUS 005 20030916000000.0 008 030916s2002 it u000 u ita u 013 $a82704 020 $a88-464-3644-X 040 $aSeMil$bita 100 1 $aBovone, Laura <1946- >.$0(OLS)http://semarc/name/82076 245 10$aIntraprendere cultura :$brinnovare la città /$cLaura Bovone ... [et al.]. 260 $aMilano :$bFranco Angeli,$ccopyr. 2002. 300 $a270 p. ;$c23 cm. 490 0 $aProdurre cultura, creare comunicazione ;$v13 500 $aContiene : Bibliografia ; [3] Appendici. 650 4$aSettore terziario - Milano - 1990-2000 - Inchieste.$0(OLS)http://semarc/subject/19546 830 0$aProdurre cultura, creare comunicazione ;$v13.$0(OLS)http://semarc/title/10535 850 $aSeMil 852 $aSeMil$W1$xVenegono$y1$m3N VI 280$j65947$B65947$CSeMilBibl$Z2$F85612 $81 961 $aOmaggio: Colasanto Prof. Michele 996 $6020$a88-464-3644-X$9(OLS)http://semarc/number/91621 996 $6245$aIntraprendere cultura :$brinnovare la città$9(OLS)http://semarc/title/159862 996 $6260$aMilano :$bFranco Angeli$9(OLS)http://semarc/publisher/30369